Every City in Guangxi - Statistics

General Stats
  • This quiz has been taken 27 times
  • The average score is 8 of 14
Answer Stats
Answer % Correct
Guilin
73%
Liuzhou
73%
Nanning
73%
Beihai
64%
Yulin
64%
Baise
55%
Chongzuo
55%
Guigang
55%
Hechi
55%
Hezhou
55%
Laibin
55%
Qinzhou
55%
Wuzhou
55%
Fangchenggang
45%
No matching quizzes found
Score Distribution
Percent of People with Each Score
Percentile by Number Answered
Your Score History
You have not taken this quiz